<?xml version="1.0" encoding="UTF-8"?>
<marc:record xmlns:marc="http://www.loc.gov/MARC21/slim">
   <marc:leader>00000nam a2200000 a 4500</marc:leader>
   <marc:datafield ind1="1" ind2=" " tag="100">
      <marc:subfield code="a">Karallus Thomas</marc:subfield>
      <marc:subfield code="4">aut</marc:subfield>
      <marc:subfield code="e">Verfasser/-in</marc:subfield>
   </marc:datafield>
   <marc:datafield ind1="1" ind2=" " tag="100">
      <marc:subfield code="a">Giersch, Markus</marc:subfield>
   </marc:datafield>
   <marc:datafield ind1=" " ind2=" " tag="653">
      <marc:subfield code="a">CD.JTV</marc:subfield>
   </marc:datafield>
   <marc:datafield ind1=" " ind2=" " tag="653">
      <marc:subfield code="a">Tonträger zur Serie</marc:subfield>
   </marc:datafield>
   <marc:datafield ind1="0" ind2="0" tag="245">
      <marc:subfield code="a">Dragons</marc:subfield>
   </marc:datafield>
   <marc:datafield ind1="0" ind2="0" tag="245">
      <marc:subfield code="b">Auf zu neuen Ufern</marc:subfield>
   </marc:datafield>
   <marc:datafield ind1="0" ind2="0" tag="245">
      <marc:subfield code="c">Karallus Thomas. Markus Giersch</marc:subfield>
   </marc:datafield>
   <marc:datafield ind1=" " ind2="1" tag="264">
      <marc:subfield code="a">Hamburg</marc:subfield>
      <marc:subfield code="b">Edel: Kids</marc:subfield>
      <marc:subfield code="c">2014</marc:subfield>
   </marc:datafield>
   <marc:datafield ind1="1" ind2=" " tag="520">
      <marc:subfield code="a">Die Verteidigung - Teil 1: Johann hat die Drachenreiter um Hilfe gebeten. Astrid bleibt mit Taffnuss auf der Drachenklippe. Der ist ziemlich durch den Wind, weil Raffnuss entführt wurde. Währenddessen eilen Hicks, Rotzbakke und Fischbein Johann bei dem Kampf gegen die Drachen zu Hilfe. Nur Raffnuss wächst angesichts ihrer Probleme über sich selbst hinaus. Sie bietet den Drachenjägern die Stirn und beleidigt sie, wo es nur geht. Ryker ist nicht aufzuhalten und will das Drachenauge zurück.&#xD;
Die Verteidigung - Teil 2: Astrid und Taffnuss müssen die Drachenklippe alleine verteidigen. Hicks versucht inzwischen Fischbein zu befreien, der von Drachen bewacht wird. Was Hicks nicht weiß, ist, dass die Drachen Fischbein nichts Böses wollen, sondern ihn schützen. Leider halten sie Hicks und seine Freunde für Drachenjäger, was die Befreiung erschwert. Hicks kann die Drachen aber mit Astrid und Taffnuss weglocken und Fischbein retten. Auch Raffnuss kehrt mit Heidrun zurück. Gemeinsam gelingt es ihnen, Ryker in die Flucht zu schlagen.</marc:subfield>
   </marc:datafield>
   <marc:datafield ind1=" " ind2=" " tag="041">
      <marc:subfield code="a">ger</marc:subfield>
   </marc:datafield>
</marc:record>
